| 000 | 00359nam a2200145Ia 4500 | ||
|---|---|---|---|
| 008 | 210210b1996 xxu||||| |||| 00| 0 eng d | ||
| 082 | _a330.15 SRIH | ||
| 100 | _aSRIVASTAVA (S K). | ||
| 245 | _aHistory of economic thought. | ||
| 250 | _a | ||
| 260 |
_aND _bS. Chand & Co. Ltd. _c1996 |
||
| 300 | _axvi,660 | ||
| 690 | _aEconomic Thought | ||
| 906 | _a053442 | ||
| 999 |
_c101824 _d101824 |
||